000 00302nam a22001337a 4500
008 181206b xxu||||| |||| 00| 0 eng d
020 _a9780877790259
041 _aeng
080 _a038
100 _a23
101 _aFJA
245 _aWebster's Medical Desk Dictionary
_cWebsters
942 _2udc
_cBK
999 _c52945
_d52945